Flag Maths 2 - Statistics

General Stats
  • This quiz has been taken 870 times
  • The average score is 9 of 11
Answer Stats
Equation Country Flag Made % Correct
Iraq
96%
Georgia
93%
Norway
93%
China
92%
Singapore
88%
Liberia
88%
Ivory Coast
88%
Kyrgyzstan
85%
Niger
85%
Myanmar
65%
Guinea
65%
No matching quizzes found
Score Distribution
Percent of People with Each Score
Percentile by Number Answered
Your Score History
You have not taken this quiz